[Event "Kali Cup IM 2nd"]
[Site "Mindszentkalla"]
[Date "2002.02.22"]
[Round "5"]
[White "Majeric, Zoran"]
[Black "Fuehrer, Guenter"]
[Result "1-0"]
[WhiteElo "2337"]
[BlackElo "2000"]
[PlyCount "25"]
[EventDate "2002.02.18"]
[EventType "tourn"]
[EventRounds "9"]
[EventCountry "HUN"]
[EventCategory "1"]
[SourceTitle "EXT 2004"]
[Source "ChessBase"]
[SourceDate "2003.11.25"]
[SourceVersion "1"]
[SourceVersionDate "2003.11.25"]
[SourceQuality "1"]

1. e4 e6 2. d4 d5 3. Nc3 Nf6 4. e5 Nfd7 5. f4 Bb4 6. Bd3 0-0 7. Nf3 c5 8. a3 Bxc3+ 9. bxc3 c4 10. Bxh7+ Kh8 11. Ng5 f6 12. Qh5 fxg5 13. Bg6+ 1-0

[Event "Kali Cup IM 2nd"]
[Site "Mindszentkalla"]
[Date "2002.02.21"]
[Round "4"]
[White "Fuehrer, Guenter"]
[Black "Hera, Imre Jr"]
[Result "0-1"]
[WhiteElo "2000"]
[BlackElo "2339"]
[PlyCount "28"]
[EventDate "2002.02.18"]
[EventType "tourn"]
[EventRounds "9"]
[EventCountry "HUN"]
[EventCategory "1"]
[SourceTitle "EXT 2004"]
[Source "ChessBase"]
[SourceDate "2003.11.25"]
[SourceVersion "1"]
[SourceVersionDate "2003.11.25"]
[SourceQuality "1"]

1. d4 Nf6 2. c4 g6 3. Nf3 Bg7 4. Nc3 d5 5. Bf4 0-0 6. e3 dxc4 7. Bxc4 c5 8. dxc5 Qa5 9. 0-0 Qxc5 10. b3 Nh5 11. Bxb8 Rxb8 12. Rc1 Qa5 13. Qd2 Rd8 14. Qb2 b5 0-1

[Event "Kali Cup IM 2nd"]
[Site "Mindszentkalla"]
[Date "2002.02.19"]
[Round "2"]
[White "Fuehrer, Guenter"]
[Black "Istvandi, Lajos"]
[Result "0-1"]
[WhiteElo "2000"]
[BlackElo "2286"]
[PlyCount "38"]
[EventDate "2002.02.18"]
[EventType "tourn"]
[EventRounds "9"]
[EventCountry "HUN"]
[EventCategory "1"]
[SourceTitle "EXT 2004"]
[Source "ChessBase"]
[SourceDate "2003.11.25"]
[SourceVersion "1"]
[SourceVersionDate "2003.11.25"]
[SourceQuality "1"]

1. e4 c5 2. Nf3 d6 3. d4 cxd4 4. Nxd4 Nf6 5. Nc3 g6 6. Be3 Bg7 7. f3 0-0 8. Qd2 Nc6 9. 0-0-0 d5 10. exd5 Nxd5 11. Nxc6 bxc6 12. Nxd5 cxd5 13. Qxd5 Qc7 14. Qxa8 Bf5 15. Qxf8+ Bxf8 16. Bd3 Be6 17. h4 h5 18. g3 Bg7 19. f4 Qa5 0-1